[Leška, Ján]

Zobrazenie: Podobizeň náboženského spisovateľa, básnika, prekladateľa, národného pracovníka, cirkevného hodnostára, evanjelického kňaza Jána Lešku (7.5.1831 Vrbovce - 5.8.1909 Bzince pod Javorinou-Dolné Bzince).

Bibliographic Details
Format: Photo
Language:Slovak
PhysicalDescription:1 fotografia v hnedom tóne 10 x 7 cm
Published: [S.l. s.n. s.a.]
Subjects:

MARC

LEADER 00000nkmaa2200000 a 4500
001 vtls011912989
003 SK-MaSNL
005 20260301225246.0
007 kh ao
008 230802n xx | |||0 k|slo
035 |a C40492D1-E3C5-4CC7-8391-DA5DA07AA866 
035 |a urn:nbn:sk:snk-km43i3n 
035 |a urn:nbn:sk:snk-km00e7sb 
040 |a SNKLA  |b slo  |c SNKLA  |e AACR2 
041 0 |a slo 
044 |a xx 
245 0 0 |a [Leška, Ján]  |h grafika 
260 |a [S.l.  |b s.n.  |c s.a.] 
300 |a 1 fotografia  |b v hnedom tóne  |c 10 x 7 cm 
520 2 |a Zobrazenie: Podobizeň náboženského spisovateľa, básnika, prekladateľa, národného pracovníka, cirkevného hodnostára, evanjelického kňaza Jána Lešku (7.5.1831 Vrbovce - 5.8.1909 Bzince pod Javorinou-Dolné Bzince). 
600 1 7 |a Leška, Ján,  |d 1831-1909  |2 SNKMA  |9 158530 
655 7 |a portrétne fotografie  |2 SNKPH  |9 305796 
852 7 |a Slovenská národná knižnica  |b Literárny archív 
958 |a ZO 
958 |a BLA 
999 |c 950239  |d 952169 
952 |a SNKLA  |b SNKLA  |c SNKLA_DEP  |y NEVYP  |7 0  |p 17A1310667  |o snkSL 23/6  |i snkLA 643/1955  |0 0  |1 0  |4 0  |d 2020-01-24  |f 1  |l 0  |r 2026-02-24 09:46:15  |w 2026-02-24